ARRUPE JESUIT UNIVERSITY

CORONAVIRUS -STOP THE SPREAD - CLEAN,DISINFECT,COVER

The abandoned baobab : (Record no. 118581)

MARC details
000 -LEADER
fixed length control field 01028pam a2200289 a 4500
001 - CONTROL NUMBER
control field 1543001
003 - CONTROL NUMBER IDENTIFIER
control field ARRUPE
005 - DATE AND TIME OF LATEST TRANSACTION
control field 20131107170001.0
008 - FIXED-LENGTH DATA ELEMENTS--GENERAL INFORMATION
fixed length control field 910614s1991 ilu 000 1 eng
010 ## - LIBRARY OF CONGRESS CONTROL NUMBER
LC control number 91025424
020 ## - INTERNATIONAL STANDARD BOOK NUMBER
International Standard Book Number 1556521138 :
Terms of availability 18.95
020 ## - INTERNATIONAL STANDARD BOOK NUMBER
International Standard Book Number 1556521146 (pbk.) :
Terms of availability $9.95
040 ## - CATALOGING SOURCE
Original cataloging agency DLC
Transcribing agency DLC
Modifying agency DLC
041 1# - LANGUAGE CODE
Language code of text/sound track or separate title eng
Language code of original and/or intermediate translations of text fre
050 00 - LIBRARY OF CONGRESS CALL NUMBER
Classification number PQ3989.2.B78
Item number B313 1991
082 00 - DEWEY DECIMAL CLASSIFICATION NUMBER
Classification number 843
Edition number 20
300 ## - PHYSICAL DESCRIPTION
Dimensions 24 cm.
100 1# - MAIN ENTRY--PERSONAL NAME
Personal name Bugul, Ken.
9 (RLIN) 3498
240 10 - UNIFORM TITLE
Uniform title <a href="Baobab fou.">Baobab fou.</a>
Language of a work English
245 14 - TITLE STATEMENT
Title The abandoned baobab :
Remainder of title the autobiography of a Senegalese woman /
Statement of responsibility, etc Ken Bugul ; foreword by Nikki Giovanni ; translated from the French by Marjolijn de Jager.
250 ## - EDITION STATEMENT
Edition statement 1st ed.
260 ## - PUBLICATION, DISTRIBUTION, ETC. (IMPRINT)
Place of publication, distribution, etc Chicago, Ill. :
Name of publisher, distributor, etc Lawrence Hill Books,
Date of publication, distribution, etc c1991.
300 ## - PHYSICAL DESCRIPTION
Extent vii, 159 p. ;
500 ## - GENERAL NOTE
General note Translation of: Le baobab fou.
906 ## - LOCAL DATA ELEMENT F, LDF (RLIN)
a 7
b cbc
c orignew
d 1
e ocip
f 19
g y-gencatlg
942 ## - ADDED ENTRY ELEMENTS (KOHA)
Source of classification or shelving scheme Library of Congress Classification
Koha item type Monograph ( Printed materials)
Holdings
Withdrawn status Lost status Source of classification or shelving scheme Damaged status Not for loan Home library Current library Date acquired Total Checkouts Full call number Barcode Date last seen Price effective from Koha item type
    Library of Congress Classification     ARRUPE LIBRARY ARRUPE LIBRARY 07/11/2013   DT549.83.B8A3 1991 46411490 07/12/2017 07/11/2013 Monograph ( Printed materials)

 

Arrupe Library. PO Box MP320 Mt Pleasant, Harare, Zimbabwe
263 242 745411|librarian@aju.ac.zw